00683nam a22002177a 450000500170000001000130001702000230003003500130005303700160006604000120008208200210009410000290011524501050014424600060024926000410025527000530029630000200034950000510036965000210042065000240044120170124105923.0 aA-946240 c375.00a8170367360 aA-946240 bCen Lib/Ret aDPLbEN a325.3410934bSTU aStuddert-Kennedy, Gerald aProvidence and the raj :cby Gerald Studdert-Kennedy bimperial mission and missionary imperialism / b  bSage Publications c1998aNew Delhi  bNew Delhi aM-32, greater kailash part 1e110048 a273p.c21cm(Hb) aIncludes bibliographical references and index  aBritish zIndia  aChristians zIndia